Statistics for Scrabble quiz

Click here to take the quiz!

General Stats

  • This quiz has been taken 8 times
  • The average score is 3 of 7

Answer Stats

QuestionAnswer% Correct
Which one's a valid scrabble wordoxyphenbutazone
75%
Number of spaces225
63%
Number of bonus spaces61
50%
Number of scrabble tiles100
38%
Number of scrabble sets in the world~150 million
38%
Highest possible score for the above answer1778
38%
Who invented it?Alfred Mosher Butts
25%

Score Distribution

Percentile by Number Answered

Percent of People with Each Score

Your Score History

You have not taken this quiz